Responses for Show #2309 - Thursday, September 22, 1994

Contestants

[<< previous game]

Phyllis Bugal, a homemaker and registered nurse from Bound Brook, New Jersey

Len Safhay, a management consultant from Peekskill, New York

Neil Quarterman, a foreign service officer from Washington, D.C. (whose 2-day cash winnings total $29,201)

[next game >>]

Jeopardy! Round responses

BIOLOGY
STEPHEN KING FILMS
SIGNERS
ARIZONA
POTPOURRI
GOOD AS "GOLD"
    $100 18
leaves

Len
    $100 1
Misery

Neil
    $100 11
Madonna

Neil
    $100 6
Phoenix

Phyllis
    $100 14
Tobacco

Phyllis
    $100 22
black gold

Neil
    $200 27
teeth

Phyllis
    $200 2
Carrie

Phyllis
    $200 12
Joe Namath

Phyllis
    $200 7
a meteor

Len
    $200 15
court jester

Neil
    $200 23
their harps of gold

Phyllis
    $300 28
the retina

Phyllis
    $300 3
Christine

Neil
    $300 13
Elizabeth I

Len
    $300 8
copper

Phyllis
    $300 19
the AARP

Neil
    $300 24
the Golden Bear

Neil
    $400 29
blue

Len
    $400 4
Firestarter

Phyllis
    $400 16
the Mayflower Compact

Neil
    $400 9
the Gadsden Purchase

Neil
    $400 20
Japan

Len
    $400 25
a cross of gold

Phyllis
    $500 30
German measles

Phyllis
    $500 5
Stand By Me

Len
    $500 17
New Zealand

Phyllis
    $500 10
Bruce Babbit

Neil
    $500 21
(Neil: What is Panama?)

Belize

Neil
Triple Stumper
    $500 26
the Gold Coast

Phyllis

Scores at the first commercial break (after clue 15):

Neil Len Phyllis
$1,600 $1,000 $1,300

Scores at the end of the Jeopardy! Round:

Neil Len Phyllis
$2,200 $1,900 $3,900

Double Jeopardy! Round responses

GEOGRAPHY
FOOD & DRINK
MUSICIANS
AMERICAN HISTORY
AVIATION
LITERARY TRILOGIES
    $200 10
the Nile

Phyllis
    $200 1
Stolichnaya

Phyllis
    $200 21
Andrew Lloyd Webber

Neil
    $200 16
the Battle of Lexington

Neil
    $200 26
the Wright Brothers

Phyllis
    $200 4
The Lord of the Rings

Phyllis
    $400 11
Italy

Neil
    $400 2
sauerkraut

Len
    $400 22
The violin

Phyllis
    $400 17
California

Neil
    $400 27
the black box

Phyllis
    $400 7
My Friend Flicka

Phyllis
    $600 13
Indonesia

Phyllis
    $600 3
Santa Fe

Neil
    $600 23
Debussy

Neil
    $600 18
Commodore Perry

Neil
    $600 28
Goodyear

Neil
    $600 8
(Len: What is Irish, or Gaelic?)

French

LenPhyllis
    $1,900 14
(Phyllis: I don't know.)

the Seward Peninsula

Phyllis
    $800 5
decaffeinating it

Phyllis
    $800 24
Duke Ellington

Len
    $800 19
Ben Franklin

Phyllis
    $800 29
Aer Lingus

Phyllis
    $800 9
USA

Neil
    $1000 15
the Tagus

Neil
    $1000 6
oolong

Triple Stumper
    $2,300 25
(Edvard) Grieg

Len
    $1000 20
Arkansas

Phyllis
    $1000 30
the Enola Gay

Len
    $1000 12
Aeschylus

Neil

Scores at the end of the Double Jeopardy! Round:

Neil Len Phyllis
$8,600 $5,800 $8,600

[wagering suggestions for these scores]

Final Jeopardy! Round responses

WORD ORIGINS
[Phyllis's response was revealed first.]
(Alex: "Griego", the Spanish for "Greek", used in Madrid in the 1700s.)
LenWhat is a gringo
$1,000
PhyllisWhat is
$8,600
NeilWhat is gringo
$3,002
gringo

Final scores:

Neil Len Phyllis
$11,602 $6,800 $0
3-day champion: $40,803 2nd place: Berkline sofa + Bob Mitchell Designs wall coverings 3rd place: Franklin Digital Book System

Game dynamics:

Coryat scores:

Neil Len Phyllis
$8,600 $4,500 $10,500
21 R
(including 1 DD),
1 W
10 R
(including 1 DD),
1 W
26 R,
1 W
(including 1 DD)

Combined Coryat: $23,600

[game clues] [game scores] [suggest correction]

Game tape date: 1994-07-26
The J! Archive is created by fans, for fans. Scraping, republication, monetization, and malicious use prohibited; this site may use cookies and collect identifying information. See terms. The Jeopardy! game show and all elements thereof, including but not limited to copyright and trademark thereto, are the property of Jeopardy Productions, Inc. and are protected under law. This website is not affiliated with, sponsored by, or operated by Jeopardy Productions, Inc. Join the discussion at JBoard.tv.